| 000 | 00687cam a2200181 a 4500 | ||
|---|---|---|---|
| 020 | _a9780132122719 | ||
| 020 | _a0132122715 | ||
| 050 | 0 | 4 |
_aQA76.9.M35 _bB64 2011 |
| 100 | 1 |
_aStein, Clifford, _d1965- |
|
| 245 | 1 | 0 |
_aCMSC 150 Discrete mathematics for computer scientists / _cClifford Stein, Robert L. Drysdale, Kenneth Bogart. _bCustom edition for umuc |
| 250 | _ataken from discrete mathematics for computer scientists by Clifford Stein, Robert L. Drysdale, Kenneth Bogart. | ||
| 260 |
_aBoston, Mass. : _bPearson/Addison-Wesley, _cc2011. |
||
| 300 | _axix, 495 p. : | ||
| 650 | 0 | _xMathematics. | |
| 700 | 1 | _aDrysdale, Robert L., | |
| 700 | 1 | _aBogart, Kenneth P. | |
| 942 |
_2lcc _cGEN |
||
| 999 |
_c10307 _d10307 |
||